02265cam a22004934i 4500003000900000005001700009008004100026020001500067020001800082035002000100040003300120049000900153082002000162245011500182264003800297300004300335336002100378337002500399338002300424490007800447504003400525505038700559526001000946526001000956526001000966526001000976526000800986526000800994526000801002526000801010526000801018526000801026526000801034650005601042700003701098910002801135942001401163949018901177994001401366596000601380999015901386980005501545952017101600PE-LiUPU20250731172931.0170621s2012 mau r 001 0 eng d a9004217681 a9789004217683 a(Sirsi) a204440 aPE-LiUPUbspacPE-LiUPUerda aPRUA04a229.911bA122302aA walk through Jubilees :bstudies in the Book of Jubilees and the world of its creation /cby James L. Kugel. 1aLeiden ;aBoston :bBrill,c2012. axiii, 434 páginas ;c25 centimetros. atext2rdacontent aunmediated2rdamedia avolume2rdacarrier0 aSupplements to the Journal for the study of Judaism,x1384-2161 ;vv. 156 aÍndices: páginas 407-434.0 aA walk through Jubilees: an exegetical commentary -- The sources of Torah in the Book of Jubilees -- The contradictions in the Book of Jubilees -- Divine names and epithets in the Book of Jubilees -- Which is older, Jubilees or the Genesis Apocryphon?. How old is the Aramaic Levi document -- Exegetical notes on 4Q225 "pseudo-Jubilees". Jubilees, Philo, and the problem of Genesis. aSEG42 aSEG41 aSEG40 aSEG39 aP94 aP87 aP86 aP85 aP77 aP76 aP3504aLibro de los JubileosxCrítica, interpretación.1 aKugel, James L.,d1945-eeditor. ajckbjvqcjpcd20170621 2ddccBOOK a229.911 A1wDEWEYc1i76246lCATALOGINGmBULp214.00r0sYtBOOKu2017-06-21xTEOLOGÍAzTEOLOGÍA0COMPRAo.CIRCNOTE. El documento es de alto precio.o.STAFF. Colección Teología aC0bPEPRU a1 a229.911 A1wDEWEYc20793i76246f2021-11-9g4lCCODEBUL1mBULp214.00r0sYtBOOKu2017-6-21xTEOLOGIAPP350COMPRAo.STAFF. Colección Teologíad20793 81gALBERTO SANCHEZ Responsable de Automatización r2025-12-03 00:00:00i5l0o229.911 A1p76246te1v219.00w2017-06-21xFTyBKzinventario-2023-12-13102ddc50708GENfP35aBULbBULcGENd2017-06-21eCOMPRAg214.00